00982nam a2200157 a 450000100060000000300090000600800410001502000150005604000280007108200140009924500260011326000560013930000230019550505730021865000330079117106CO-ViMGA141112s2004 ck r 000 u spa d a8489898804 aCO-ViMGAbspacCO-ViMGA aR036 E52410aEnciclopedia Larousse aBarcelona (España), cLarousse, cplaneta, c1999 a12 Vol. - Apendice aAPENDICE : Imagenes del año - Panorama internacional - Economía - Cultura - Sociedad - Ciencia y tecnica - Medio ambiente - Deportes - Personajes del año - Premios - Estadisticas - Paises del mundo VOL (1) : a/avergonzar VOL (2) : averia / castilla VOL (3) : castilla / David VOL (4) : David / estomocordado VOL (5) : Estonia / Guajira VOL (6) : Guajira / Johannes VOL (7) : Johannesbrugo / Marne VOL (8) : Marnia / O'Connor VOL (9) : Ocosingo / Prohibición VOL (10) : Prohibicionismo / Schwarse VOL (11) : Schwarzenberg / Tortelier VOL (12) : Tortera / Zydeco14aENCICLOPEDIAS Y DICCIONARIOS